| 000 | 00993nac a22003257a 4500 | ||
|---|---|---|---|
| 001 | BR0300766 | ||
| 003 | BR-BrBNA | ||
| 005 | 20240105122737.0 | ||
| 008 | 230509b bl.|||m| |||| 00| 0 por d | ||
| 040 |
_aBR-BrBNA _bpor _cBiblioteca Nacional de Agricultura |
||
| 072 | _aF08 | ||
| 090 | _a5212 BR0300766 | ||
| 100 | 1 | _aFranke, I.L. | |
| 100 | 1 | _aFurtado, S.C. | |
| 110 | 1 | _aEMBRAPA Acre, Rio Branco (Brasil) | |
| 245 | 1 | _aSistemas silvipastoris: fundamentos e aplicabilidade | |
| 260 | 3 |
_aRio Branco, AC (Brasil): _c2001. |
|
| 300 | _a51 p. | ||
| 490 |
_aDocumentos - EMBRAPA Acre (Brazil) _vno. 74 _xISSN 0104-9046 |
||
| 500 | _aBibliography p. 43-51; 5 illus. | ||
| 650 | _aAGROSSILVICULTURA | ||
| 650 | _aPRODUÇÃO ANIMAL | ||
| 650 | _aIMPACTO AMBIENTAL | ||
| 650 | _aCONDIÇÃO AMBIENTAL | ||
| 650 | _aPROJETO DE DESENVOLVIMENTO | ||
| 650 | _aECOLOGIA | ||
| 650 | _aECONOMIA AGRÍCOLA | ||
| 909 |
_a202312 _bLúcia Elande _c55 _dLúcia Elande |
||
| 942 |
_2AGRIS _n0 _cMS |
||
| 999 |
_c292619 _d292619 |
||